004760000a22002170004500082002500000518001500025530000600040100002100046245002800067260004600095260000900141300001000150041000800160365001400168650001400182650001800196650001100214651001000225651001500235015000800250 aN350.00092bT569scN a2008-04-13 aM aThapa, Rajeshwar aSubba Harka Janga Maden aLalitpurbShakuntala Palunva Maden, Nepal c2002 a351p. aNep aRs.400.00 aBiography aAdministrator aMemory aNepal aTaplejunga aNNB